000 01127nac a22003377a 4500
001 BR8403815
003 BR-BrBNA
005 20240105120107.0
008 230509b bl.|||m| |||| 00| 0 por d
040 _aBR-BrBNA
_bpor
_cBiblioteca Nacional de Agricultura
072 _aF00; E70
090 _a0210 BR8403815
110 1 _aCompanhia Brasileira de Alimentos, Brasilia, DF (Brasil)
_92295
245 1 _aAcompanhamento conjuntural/hortigranjeiros. Setembro 1984 [batata, cebola, cenoura, repolho, tomate, banana, fruta citrica, producao vegetal, comercio, Companhia Brasileira de Alimentos]
260 3 _aBrasilia, DF (Brasil):
_c1984.
300 _a28 p.
490 _aAcompanhamento Conjuntural Hortigranjeiros - Companhia Brasileira de Alimentos (Brazil)
_v
_x
500 _a29 tables; 9 ref.
650 _aPRODUCAO VEGETAL
650 _aCOMERCIO
650 _aPRECO
650 _aBATATA
650 _aCEBOLA
650 _aCENOURA
650 _aREPOLHO
650 _aTOMATE
650 _aBANANA
650 _aFRUTA CITRICA
909 _a202312
_bLúcia Elande
_c55
_dLúcia Elande
942 _2AGRIS
_n0
_cMS
999 _c277924
_d277924